000 02709cam a22003978i 4500
001 21302306
003 NUST
005 20220828180818.0
008 191122s2020 enk b 001 0 eng
010 _a 2019053566
020 _a9781119557449
_q(paperback)
020 _z9781119557463
_q(adobe pdf)
020 _z9781119557487
_q(epub)
038 _aAzhar
040 _aDLC
_beng
_erda
_cDLC
042 _apcc
050 0 0 _aPE1128.A2
_bY38 2020
082 0 0 _a428.0071
_223
_bYAV
100 1 _aYavaş, Mehmet,
_eauthor.
_993803
245 1 0 _aApplied English phonology
_cMehmet Yavas.
250 _aFourth edition.
260 _aChichester,
_bWiley Blackwell,
_c2020
300 _apages cm
336 _atext
_btxt
_2rdacontent
337 _aunmediated
_bn
_2rdamedia
338 _avolume
_bnc
_2rdacarrier
504 _aIncludes bibliographical references and index.
520 _a"A leading textbook for English Phonetics and Phonology, the fourth edition of Applied English Phonology is an accessible, authoritative introduction to the English sound system. Providing clear explanations and numerous illustrative examples, this new edition has been fully updated with the latest research and references. Detailed discussions of fundamental concepts of applied English phonology cover phonetic elements, phonemics, English consonants and vowels, stress and intonation, structural factors in second language phonology, and much more. Designed for students and professionals in both theoretical and applied linguistics, education, and communication sciences and disorders, this textbook contains new material throughout, including a new chapter introducing typical phonological development, patterns of simplification, and disordered phonology. Expanded sections explore topics such as contracted forms, issues in consonant and vowel transcription conventions, and regional dialects of American English. Written by an internationally recognized scholar and educator, Applied English Phonology, Fourth Edition is essential reading for anyone in applied phonetics and phonology courses, as well as students and practitioners in areas of language and linguistics, TESOL, and communication sciences and disorders"--
_cProvided by publisher.
563 _aPB
650 0 _aEnglish language
_xStudy and teaching
_xForeign speakers.
_911458
650 0 _aEnglish language
_xPhonology.
_993804
776 0 8 _iOnline version:
_aYavas, Mehmet,
_tApplied english phonology
_bFourth edition.
_dHoboken : Wiley-Blackwell, 2020.
_z9781119557463
_w(DLC) 2019053567
906 _a7
_bcbc
_corignew
_d1
_eecip
_f20
_gy-gencatlg
942 _2ddc
_cLC
999 _c590354
_d590354